000 01008nac a22002897a 4500
001 BR7200560
003 BR-BrBNA
005 20240105113439.0
008 230509b bl.|||m| |||| 00| 0 por d
040 _aBR-BrBNA
_bpor
_cBiblioteca Nacional de Agricultura
072 _aP00; P10; F10
090 _a3735 BR7200560
110 1 _aComissao Executiva do Sal, Rio de Janeiro, GB (Brasil)
_92151
245 1 _aPrograma de Pesquisas Tecnologicas e Programa de Estudos Tecno-Economicos janeiro-abril 1972 [Sal; Recurso natural; Recurso da agua; Meteorologia; Evaporacao; Umidade ambiente; Brasil]
260 3 _aRio de Janeiro, GB (Brasil):
_c1972.
300 _a21 p.
490 _aBoletim - Comissao Executiva do Sal (Brazil)
_vno. 1
_x
650 _aRECURSO NATURAL
650 _aRECURSO HIDRICO
650 _aMETEOROLOGIA
650 _aSAL
650 _aSALINA
650 _aEVAPORACAO
650 _aUMIDADE RELATIVA
909 _a202312
_bLúcia Elande
_c55
_dLúcia Elande
942 _2AGRIS
_n0
_cMS
999 _c263779
_d263779